Comparative International Accounting / (Record no. 1286)

000 -LEADER
fixed length control field 00693nam a2200241 a 4500
008 - FIXED-LENGTH DATA ELEMENTS--GENERAL INFORMATION
fixed length control field 191217t2012 xxka|||g |||| 001 0 eng d
020 ## - INTERNATIONAL STANDARD BOOK NUMBER
International Standard Book Number 9780273763796
Terms of availability £ 58.99
040 ## - CATALOGING SOURCE
Original cataloging agency IMU Kochi Library
Language of cataloging eng
041 0# - LANGUAGE CODE
Language code of text/sound track or separate title eng
044 ## - COUNTRY OF PUBLISHING/PRODUCING ENTITY CODE
MARC country code United Kingdom
082 04 - DEWEY DECIMAL CLASSIFICATION NUMBER
Edition number 23
Classification number 657.95
Item number N664
100 1# - MAIN ENTRY--PERSONAL NAME
Personal name Nobes, Christopher
245 10 - TITLE STATEMENT
Title Comparative International Accounting /
250 ## - EDITION STATEMENT
Edition statement 12th ed.
260 ## - PUBLICATION, DISTRIBUTION, ETC. (IMPRINT)
Place of publication, distribution, etc Harlow :
Name of publisher, distributor, etc Pearson Education Limited ,
Date of publication, distribution, etc 2012.
300 ## - PHYSICAL DESCRIPTION
Extent xxi, 595 p. :
Other physical details ill. ;
Dimensions 25 cm
504 ## - BIBLIOGRAPHY, ETC. NOTE
Bibliography, etc Includes Index.
650 #0 - SUBJECT ADDED ENTRY--TOPICAL TERM
Topical term or geographic name as entry element Comparative accounting
General subdivision Accounting
Form subdivision Textbooks
700 ## - ADDED ENTRY--PERSONAL NAME
Personal name Parker, Robert
Relator term Joint Author
852 ## - LOCATION/CALL NUMBER
Location IMU Kochi Library
904 ## - LOCAL DATA ELEMENT D, LDD (RLIN)
CATALOGER Akhil Bose
942 ## - ADDED ENTRY ELEMENTS (KOHA)
Item type Books
Holdings
Withdrawn status Lost status Source of classification or shelving scheme Damaged status Not for loan Collection code Permanent location Current location Shelving location Date acquired Source of acquisition Cost, normal purchase price Full call number Barcode Date last seen Koha item type Public note
          Management Studies IMU Kochi Library IMU Kochi Library General Stacks 2014-02-17 M/s Unique Book Store (Inv. No.2014/68 dt. 2014-03-03) 6424.01 657.95 N664 BK002656 2019-12-17 Books MGT Shelf No. 2, Row 2


Copyright © All Rights Reserved by Indian Maritime University, Kochi Campus.
For any Suggestions/Query Contact to library or Email: library.kochi@imu.ac.in Ph:(0484)-2989402
(Web OPAC Designed by Rudra Ranjan. Maintained by IMU Kochi Library)

Powered by Koha